| 000 | 01527cam a22003974i 4500 | ||
|---|---|---|---|
| 003 | PE-LiUPU | ||
| 005 | 20250731173209.0 | ||
| 008 | 150625s1990 inu r 000 0 eng d | ||
| 035 | _a(Sirsi) a31878 | ||
| 040 |
_aPE-LiUPU _bspa _cPE-LiUPU _erda |
||
| 082 | 0 | 4 |
_a221.942 _bF36 _221 |
| 100 | 1 |
_aFoxwell Albright, William, _eautor. |
|
| 245 | 1 | 0 | _aYahweh And The Gods Of Canaan. |
| 264 | 1 |
_aIndiana : _bEisenbrauns, _c1990. |
|
| 300 |
_a294 páginas ; _c22 centímetros |
||
| 336 |
_atext _2rdacontent |
||
| 337 |
_aunmediated _2rdamedia |
||
| 338 |
_avolume _2rdacarrier |
||
| 505 | 0 | _aVerse an prose in early israelite tradition -- The patriarchal background of israel's faith -- Canaanite religion in the bronze age -- The struggle between yahweh and the gods of canaan -- The religious cultures of Israel and phoenicia in periodic tension. | |
| 526 | _aSEG42 | ||
| 526 | _aSEG41 | ||
| 526 | _aSEG40 | ||
| 526 | _aSEG39 | ||
| 526 | _aP94 | ||
| 526 | _aP87 | ||
| 526 | _aP86 | ||
| 526 | _aP85 | ||
| 526 | _aP77 | ||
| 526 | _aP76 | ||
| 526 | _aP35 | ||
| 942 |
_2ddc _cBOOK |
||
| 949 |
_a221.942 F36 _wDEWEY _c1 _i37234 _lCCODEBUL1 _mBUL _p00.00 _r0 _sY _tBOOK _u2015-06-25 _xBIBLIOTECA _zUNKNOWN _0COMPRA _o.STAFF. Colección General |
||
| 596 | _a1 | ||
| 999 |
_a221.942 F36 _wDEWEY _c39474 _i37234 _d39474 _e2017-10-11 _f2021-11-9 _g5 _lCCODEBUL1 _mBUL _n3 _q2 _r0 _sY _tBOOK _u2015-6-25 _xTEOLOGIA _zUNKNOWN _0COMPRA _o.STAFF. Colección General |
||
| 980 |
_81 _gALBERTO SANCHEZ Responsable de Automatización |
||